00551 2200193 4500245005300000020002200053250001100075100002200086700002800108700002000136650002100156650001000177005001900187260009900206041001400305084000800319300002100327336000900348 aKe Sabu, Kita ke RaijuacHary B. Kori’unhText a978-602-437-914-8 aCet. 1 aHary B. Kori’un aNurweni Saptawuryandari aHary B. Kori'un aSastra Indonesia aEbook a20241104082047 aJakartabBadan Pengembangan Bahasa dan Perbukuan, Kementerian Pendidikan dan Kebudayaan,c2019 aIndonesia a813 axiii :c153 hlm. atext